| 000 | 01117nam a22001817a 4500 | ||
|---|---|---|---|
| 999 |
_c59140 _d59140 |
||
| 003 | Ge_BSU | ||
| 005 | 20221130114653.0 | ||
| 008 | 221130s1981ge xxu||||| |||| 00| 0 geo d | ||
| 041 | _ageo | ||
| 080 | _a821.112.2(494)-31 ფ-93 | ||
| 100 |
_aფრიში, მაქს, 1911-1991, ავტორი. _916235 |
||
| 245 |
_aHomo Faber : ჩანაწერები ; ვიქნები თუნდაც განტენბაინი : რომანები / _cმაქს ფრიში ; გერმ. თარგმნა და ბოლოსიტყვ. დაურთო დალი კოკაია-ფანჯიკიძემ ; მხატვ. თარგმანისა და ლიტ. ურთიერთობათა მთ. სარედ. კოლეგია. |
||
| 264 |
_aთბილისი : _bსაბჭ. საქართველო, _c 1981. |
||
| 300 |
_a525 გვ. ; _b20სმ. |
||
| 653 | _aრომანები | ||
| 700 |
_aკოკაია-ფანჯიკიძე, დ _eმთარგმნელი _916236 |
||
| 942 |
_2udc _cBK |
||